|
|
|
|
| LEADER |
00000cam a2200000 7i4500 |
| 001 |
0000090358 |
| 005 |
20050118.0 |
| 090 |
0 |
0 |
|a J 523.2
|b ALA
|
| 100 |
0 |
|
|a Adenan Ali
|
| 245 |
1 |
0 |
|a Alam Semesta [
|h video compact disc] :
|b Sistem Suria
|c Adenan Ali
|
| 255 |
|
|
|a Volume 2
|
| 260 |
|
|
|a Kuala Lumpur :
|b Nine Dimension Network ,
|c 2002
|
| 300 |
|
|
|a 1 Video compact disc (55 minutes) :
|b col
|
| 500 |
|
|
|a Library has 2 copies
|
| 520 |
0 |
|
|a General viewing for all ages (U)
|
| 650 |
0 |
0 |
|a Solar system
|
| 999 |
|
|
|a AV 10440
|b VIDEO COMPACT DISC
|c PINJAMAN
|e PERPUSTAKAAN KOMUNITI PETALING JAYA
|
| 999 |
|
|
|a AV 10441
|b VIDEO COMPACT DISC
|c PINJAMAN
|e PERPUSTAKAAN KOMUNITI PETALING JAYA
|